Risultati della Juventus in UEFA Europa League 2013-2014 - Statistics

Statistiche generali
  • Questo quiz è stato fatto 11 volte
  • Il punteggio medio è 6 su 8
Statistiche sulle risposte
Hint Risposta % Corretto
Juventus - Benfica 0-0
91%
Fiorentina - Juventus 0-1
91%
Benfica - Juventus 2-1
91%
Olympique Lione - Juventus 0-1
82%
Juventus - Fiorentina 1-1
82%
Juventus - Trabzonspor 2-0
82%
Trabzonspor - Juventus 0-2
64%
Juventus - Olympique Lione 2-1
45%
Nessun quiz corrispondente trovato
Distribuzione punteggi
Percentuale di utenti per punteggio
Percentile per numero di risposta
I tuoi punteggi nel tempo
Non hai fatto questo quiz